Stella senza cielo (Record n. 209981)

Dettagli MARC
000 -LEADER
fixed length control field 01419nam a2200205Ia 4500
001 - CONTROL NUMBER
control field b7005-50903
003 - CONTROL NUMBER IDENTIFIER
control field IT-MiCISF
008 - FIXED-LENGTH DATA ELEMENTS--GENERAL INFORMATION
fixed length control field 161014s9999||||xx |||||||||||||| ||und||
040 ## - CATALOGING SOURCE
Original cataloging agency IT-MiCISF
Transcribing agency IT-MiCISF
041 ## - LANGUAGE CODE
Language code of text/sound track or separate title it
999 ## - SYSTEM CONTROL NUMBERS (KOHA)
Koha Dewey Subclass [OBSOLETE] si
100 ## - MAIN ENTRY--PERSONAL NAME
Personal name Rossi Antonella Elena
245 #0 - TITLE STATEMENT
Title Stella senza cielo
Remainder of title Come accompagnare i figli nell'età inquieta
250 ## - EDITION STATEMENT
Edition statement 1a ed.
260 ## - PUBLICATION, DISTRIBUTION, ETC. (IMPRINT)
Place of publication, distribution, etc. S.Pietro in Cariano (VR)
Name of publisher, distributor, etc. Il Segno dei Gabrielli
Date of publication, distribution, etc. 2011
300 ## - PHYSICAL DESCRIPTION
Extent pp. 104
500 ## - GENERAL NOTE
General note / adolescenza, rapporti-genitori-figli, educazione-familiare / In una famiglia il passaggio dei figli all'età adolescenziale segna l'inizio di una fase nuova in cui mutano in modo radicale gli equilibri. Per tutti è l'inizio di un nuovo viaggio alla scoperta di una rinnovata identità: se è scontato per i figli, i genitori sono chiamati a guardarsi dentro, a fare i conti con la propria vita interiore e la propria storia. Gli adulti sono invitati a interrogarsi sul proprio essere donna e uomo, sulla propria persona, per poter affrontare con maggior forza e stabilità emotiva il nuovo confronto con i figli in crescita. Il libro, quindi, offre la possibilità di un ponte tra due generazioni che si toccano e che cercano risposte: è un saggio-romanzo, il diario di una persona che ogni giorno lavora con genitori e adolescenti.
650 ## - SUBJECT ADDED ENTRY--TOPICAL TERM
Topical term or geographic name as entry element Adolescenti e giovani / età-evolutiva
Relator term 009
942 ## - ADDED ENTRY ELEMENTS (KOHA)
Koha item type LIBRO
957 ## -
-- 1
999 ## - SYSTEM CONTROL NUMBERS (KOHA)
-- 1
Dati di copia
Withdrawn status Lost status Damaged status Not for loan Home library Current library Date acquired Total Checkouts Full call number Date last seen Price effective from Koha item type Public note
    Buone Condizioni Not For Loan CISF - Milano CISF - Milano 14/10/2016   b7005-50903 14/10/2016 14/10/2016 LIBRO Data import 15.10.2016 / by Epidotti, Vaglietti
CREDITS: SOCIETA' SAN PAOLO Via A.Severo, 58 - ROMA (RM) & PERIODICI SAN PAOLO SRL Via Giotto, 36 MILANO & CISF Via Giotto, 36 MILANO & EDIZIONI SAN PAOLO SRL,  Piazza Soncino, 5 CINISELLO BALSAMO (MI) -- ITALY